000 00981nam a2200289 4500
003 OSt
005 20260601171009.0
008 260507b2007\\\\|||a||||\||||\00|\0\eng\d
040 _aICI
_bspa
_cICI
041 _aeng
050 _aNK1412.S38
_bA4 2007
100 1 _aShultz, Richard
_932782
245 1 _aRichard Schultz /
_cRichard Schultz.
250 _a1a edición.
260 _aIllinois :
_bRichard Schultz Design,
_c2007.
264 _bRichard Shultz Inc.
_c2007
_aChina
300 _a142 páginas :
_bilustraciones a color, retratos ;
336 _atexto
_2rdacontent
337 _asin medio
_2rdamedia
338 _avolumen
_2rdacarrier
600 _aSchultz, Richard
_xCrítica e interpretación.
_932783
650 _aDiseñadores industriales
_vBiografías.
_zEstados Unidos
_932784
650 _aDiseño de muebles
_vHistoria.
_zEstados Unidos
_932785
650 _aMuebles modernos
_xDiseño.
650 _aDiseño industrial
_xHistoria
_ySiglo XX.
942 _2lcc
_cB
_n1
999 _c20418
_d20418